The Dustice League Quiz Stats

 Plays Quiz not verified by Sporcle

Score 0/12 Timer 02:00
3 Plays Today
Hint Answer % Correct
Doctor Strange
96.1%
Spider-Man
96.1%
Nick Fury
94.9%
Falcon
94.2%
Star-Lord
93.9%
Thanos
92.4%
Scarlet Witch
91.4%
Bucky Barnes
91.3%
Drax
90.2%
Groot
88.1%
Mantis
84.4%
Maria Hill
79.6%

You're not logged in!

Compare scores with friends on all Sporcle quizzes.
OR
Log In

Sporcle TV

Today on Sporcle TV


Watch our educational content, quiz creation guides, and fun videos on Sporcle TV.

Show Comments

Extras

Top Quizzes Today


Score Distribution

Your Account Isn't Verified!

In order to create a playlist on Sporcle, you need to verify the email address you used during registration. Go to your Sporcle Settings to finish the process.

Report this User

Report this user for behavior that violates our Community Guidelines.

Details: